000 00614nam a2200193Ia 4500
003 GCL
008 140319s9999 xx 000 0 ara d
040 _aGCL /
_cGCL
082 0 4 _aط
_b784.4
_bز ت
100 1 _aفاطمة يسرا محمد
245 1 0 _aالتراث الشعبى واغانى الطفل /
_cفاطمة يسرا محمد
700 1 _aزينب صالح على
300 _a32 ص
490 _aالهيئة العامة للاستعلامات
_v0
650 0 4 _aالاغانى الشعبية
650 0 4 _aالتراث الشعبى
650 0 4 _aاغانى الاطفال
942 _2ddc
_cBK
999 _c51014
_d51014